| 000 | 00542nam a22001817a 4500 | ||
|---|---|---|---|
| 005 | 20251108165547.0 | ||
| 008 | 250721s1983 xx 000 0 ara d | ||
| 082 | 1 | 4 | _aم/414.03/أحم |
| 100 | 1 | _aمطلوب، أحمد | |
| 245 | 1 | 0 | _aمعجم المصطلحات البلاغية و تطورها / |
| 264 | 1 |
_aبغداد : _bالمجمع العلمي العراقي، _c1983. |
|
| 300 | _a- ج | ||
| 650 | 1 | 7 | _aاللغة العربية |
| 650 | 1 | 7 | _aالبلاغة |
| 650 | 1 | 7 | _aالقواميس |
| 942 |
_2ddc _cREF |
||
| 999 |
_c30798 _d30798 |
||